पाँच लाख का हिंदी मास्टर (Record no. 989924)

MARC details
000 -LEADER
fixed length control field 00411nam a2200133Ia 4500
008 - FIXED-LENGTH DATA ELEMENTS--GENERAL INFORMATION
fixed length control field 151001s9999||||xx |||||||||||||| ||und||
100 ## - MAIN ENTRY--PERSONAL NAME
Personal name नवीनचंद्र लोह्नी
245 ## - TITLE STATEMENT
Title पाँच लाख का हिंदी मास्टर
250 ## - EDITION STATEMENT
Edition statement 1
260 ## - PUBLICATION, DISTRIBUTION, ETC. (IMPRINT)
Name of publisher, distributor, etc भावना प्रकाशन धुळे
260 ## - PUBLICATION, DISTRIBUTION, ETC. (IMPRINT)
Date of publication, distribution, etc 2003
300 ## - PHYSICAL DESCRIPTION
Extent 79
365 ## - TRADE PRICE
Price amount 21

No items available.